| 000 | 00684nam a2200121Ia 4500 | ||
|---|---|---|---|
| 008 | 220615s9999||||xx |||||||||||||| ||und|| | ||
| 100 | _aDeutschmann, Mats||Zelime, Justin | ||
| 245 | 0 | _aChapter 3 Researching Kreol Seselwa and its role in education in the pursuit of educational equity in the Seychelles | |
| 546 | _aEnglish[eng] | ||
| 650 | _aeducational attainment, Global South, language teacher education, linguistic culture, mother-tongue based education, Multilingual Africa, multilingual learning, multilingualism, Sub-Saharan Africa, translanguaging | ||
| 856 | _uhttps://library.oapen.org/bitstream/20.500.12657/51401/1/9781003028383_10.4324_9781003028383-4.pdf | ||
| 942 | _cEB | ||
| 999 |
_c13353 _d13353 |
||